Los problemas de la naturaleza / (Record no. 157244)

MARC details
000 -LEADER
campo de control de longitud fija 00632nam a22001815i 4500
001 - NÚMERO DE CONTROL
campo de control 157244
003 - IDENTIFICADOR DE NÚMERO DE CONTROL
campo de control ES-MaACL
005 - FECHA Y HORA DE LA ÚLTIMA TRANSACCIÓN
campo de control 20230906210629.0
008 - DATOS DE LONGITUD FIJA--INFORMACIÓN GENERAL
campo de control de longitud fija 040812q18451900sp |||| | spa d
040 ## - FUENTE DE CATALOGACIÓN
Centro catalogador/agencia de origen CAM
Lengua de catalogación spa
Centro/agencia transcriptor CAM
100 1# - ENTRADA PRINCIPAL--NOMBRE DE PERSONA
Nombre de persona Laugel, Auguste.
9 (RLIN) 128735
245 14 - MENCIÓN DEL TÍTULO
Título Los problemas de la naturaleza /
Mención de responsabilidad, etc. Augusto Laugel ; traducción de Eusebio Heras.
260 ## - PUBLICACIÓN, DISTRIBUCIÓN, ETC.
Lugar de publicación, distribución, etc. Valencia :
Nombre del editor, distribuidor, etc. F. Sempere y Cª,
Fecha de publicación, distribución, etc. [s.a.] (
Fabricante Imprenta de El Pueblo)
300 ## - DESCRIPCIÓN FÍSICA
Extensión 198 p. ;
Dimensiones 19 cm.
596 ## - NOTA AL PIE DE IMPRENTA
NOTA AL PIE DE IMPRENTA Impreso ca. 1880-1910.
700 1# - ENTRADA AGREGADA--NOMBRE PERSONAL
Nombre de persona Heras Hernández, Eusebio.
9 (RLIN) 62647
852 ## - LOCALIZACIÓN
Ubicación ES-MaACL
Número de control de estantería D-885
Nota libre -- Sin enc.
-- -- Legado de M. de la Fuente
Holdings
Estatus retirado Estado de pérdida Estado de daño No para préstamo Biblioteca de origen Biblioteca actual Ubicación en estantería Fecha de adquisición Fuente de adquisición Total de préstamos Signatura topográfica completa Código de barras Visto por última vez Precio de reemplazo Tipo de ítem Koha
        Biblioteca del Ateneo de Madrid Biblioteca del Ateneo de Madrid Sala Valle Inclán 17/01/2008     D-885 901164546 23/02/2023 23/02/2023 Libro impreso